000 00779nam a2200241 i 4500
001 180163
003 ES-MaACL
005 20250807072553.0
008 120509s2010 sp |||| | spa d
020 _a978-84-9915-263-9
080 _a179.7
100 1 _aMonclús Estella, Antonio.
_982132
245 1 3 _aLa eutanasia, una opción cristiana /
_cAntonio Monclús ; prólogo Juan José Tamayo.
260 _aGranada :
_bGEU,
_c[2010]
300 _a381 p. ;
_c23 cm.
504 _aBibliografía: p. [373]-381.
650 0 7 _aDerecho a la muerte
_2embne
_911640
650 4 _aEutanasia.
_9149949
700 1 _aTamayo-Acosta, Juan José.
_9109160
852 _aES-MaACL
_jA-12074
_9187073
_bR.146763
_cDEPO1
_dOlim: N-5079
942 _2udc
_cMONOGRAFIA
999 _c180163
_d180163